LEADER 01364oam 2200421 450 001 9910493683003321 005 20210609162718.0 010 $a1-63047-053-8 035 $a(CKB)3710000000359516 035 $a(MiAaPQ)EBC6448836 035 $a(EXLCZ)993710000000359516 100 $a20210609d2014 uy 0 101 0 $aeng 135 $aurcnu|||||||| 181 $ctxt$2rdacontent 182 $cc$2rdamedia 183 $acr$2rdacarrier 200 14$aThe American epidemic $esolutions for over-medicating our youth /$fFrank J. Granett 210 1$aNew York, New York :$cMorgan James Publishing,$d[2014] 210 4$d©2014 215 $a1 online resource (140 pages) $cillustrations 320 $aIncludes bibliographical references. 606 $aBehavior disorders in children$xDiagnosis 606 $aBehavior disorders in children$xTreatment 606 $aChild psychopathology$xTreatment 608 $aElectronic books. 615 0$aBehavior disorders in children$xDiagnosis. 615 0$aBehavior disorders in children$xTreatment. 615 0$aChild psychopathology$xTreatment. 676 $a618.928918 700 $aGranett$b Frank J.$01050931 801 0$bMiAaPQ 801 1$bMiAaPQ 801 2$bUtOrBLW 906 $aBOOK 912 $a9910493683003321 996 $aThe American epidemic$92481086 997 $aUNINA LEADER 01161nam a2200301|i 4500 001 991003952649707536 005 20030107144318.0 008 021007s1981 be u u geruu 020 $a2503400817 035 $ab11887722-39ule_inst 035 $aEXGIL150161$9ExL 040 $aBiblioteca Interfacoltŕ$bita 082 0 $a230 100 1 $aAnastasius : Sinaita$0438355 245 10$aAnastasii Sinaitae Viae dux /$ccuius editionem curavit Karl-Heinz Uthemann 260 0 $aTurnhout :$bBrepols ; Leuven : University Press,$c1981 300 $accxlvii, 455 p., [5] c. di tav. :$bill ;$c26 cm. 490 0 $aAnastasii Sinaitae Opera 490 0 $aCorpus Christianorum. Series Graeca ;$v8 650 4$aPatristica 700 1 $aUthemann, Karl-Heinz$eauthor$4http://id.loc.gov/vocabulary/relators/aut$0164266 740 00$aViae dux 907 $a.b11887722$b28-04-17$c07-01-03 912 $a991003952649707536 945 $aLE002 Patr. CCSG 008$g1$i2002000089311$lle002$o-$pE0.00$q-$rn$so $t0$u0$v0$w0$x0$y.i12144514$z07-01-03 996 $aAnastasii Sinaitae Viae dux$91454773 997 $aUNISALENTO 998 $ale002$b01-01-02$cm$da $e-$fger$gbe $h0$i1